| 000 | 00368nam a2200157Ia 4500 | ||
|---|---|---|---|
| 008 | 230917s9999||||xx |||||||||||||| ||und|| | ||
| 020 | _cPOU10.95 | ||
| 040 |
_e6832 _aMAIN |
||
| 041 | _aEnglish | ||
| 082 | _a301.045 C272G | ||
| 100 | _aCassell, Philip, ed. | ||
| 245 | 0 | _aGiddens reader | |
| 260 |
_aLondon _bMacmillan _c1993 |
||
| 300 | _aix, 356 p. | ||
| 942 | _cBK | ||
| 999 |
_c77903 _d77903 |
||